000
002300000a22000970004500
100
1
_a
Hestenes, Roberta
245
1
0
_a
Is the gospel good news for women?
300
_a
Núm 36 (1992), Páginas 2-3
773
0
_t
Together
942
_c
ANA
999
_c
56319
_d
56319